000 01114cab a2200349 4500
001 WB3103-30
008 090401t1995 xxu||||| |||| 00| 0 eng d
035 _a(Sirsi) u70800
041 _aeng
245 _aGuidance on use of open spaces
260 _c1995
350 _a0
490 _aPlanning Week
_v3(3) 19 January 1995, 6(1)
520 _a"Watch this space" (£15), a report from the London Boroughs Association, recommends new planning guidance to acknowledge a wider range of functions for urban open space than the present recreational uses.
650 _aDESIGNATION
650 _aECOLOGY
650 _aCAREERS, EDUCATION AND TRAINING
650 _aINFORMAL USE
650 _aNATURE CONSERVATION
650 _aNON-RECREATIONAL FUNCTIONS
650 _aOPEN SPACES
650 _aPLANNING POLICY
650 _aPPG17
650 _aSTRUCTURE PLANS
650 _aSUSTAINABLE DEVELOPMENT
650 _aWILDLIFE CONSERVATION
690 _aCONSERVATION
690 _aENVIRONMENTAL AND LAND CONSULTANCY
690 _aPLANNING LAW AND PRACTICE
942 _n0
948 _c04/03/1997
999 _c44583
_d44583